Population and society (Record no. 54004)

MARC details
000 -LEADER
fixed length control field 00595nam a2200169 a 4500
008 - FIXED-LENGTH DATA ELEMENTS--GENERAL INFORMATION
fixed length control field 150515s2013 ||||||||||||||||| || u
020 ## - INTERNATIONAL STANDARD BOOK NUMBER
International Standard Book Number 9781412900652
050 ## - LIBRARY OF CONGRESS CALL NUMBER
Classification number HB 871 Hol
100 ## - MAIN ENTRY--PERSONAL NAME
Personal name Holdsworth, Clare
245 10 - TITLE STATEMENT
Title Population and society
Statement of responsibility, etc. By Clare Holdsworth, [et al]
260 ## - PUBLICATION, DISTRIBUTION, ETC.
Place of publication, distribution, etc. Los Angeles
Name of publisher, distributor, etc. SAGE Publications
Date of publication, distribution, etc. 2013
300 ## - PHYSICAL DESCRIPTION
Extent ix, 230.: ill.
350 ## - PRICE (NR) (BK AM CF MU VM SE) [OBSOLETE]
Price 24.60
650 #0 - SUBJECT ADDED ENTRY--TOPICAL TERM
Topical term or geographic name entry element POPULATION
650 ## - SUBJECT ADDED ENTRY--TOPICAL TERM
Topical term or geographic name entry element DEMOGRAPHY
995 ## - RECOMMENDATION 995 [LOCAL, UNIMARC FRANCE]
-- CBU-MAIN LIBRARY (Kitwe)
-- 24.60
-- 1
-- AVAILABLE
-- May 20, 2015
-- Main Library Open Access Collection
Holdings
Withdrawn status Lost status Source of classification or shelving scheme Damaged status Not for loan Home library Current library Shelving location Date acquired Total Checkouts Full call number Barcode Date last seen Price effective from Koha item type
          CBU-MAIN LIBRARY, KITWE. CBU-MAIN LIBRARY, KITWE.   11/30/2022   HB 871 Hol 745409 11/30/2022 11/30/2022 MONOGRAPH